|
|
|
|
| LEADER |
00000nab a2200000 a 4500 |
| 001 |
vtls000724545 |
| 003 |
SK-MaSNL |
| 005 |
20260303202934.0 |
| 008 |
160324c2000 xo 0 slo |
| 015 |
|
|
|a SNBRB2000/06-16696
|
| 035 |
|
|
|a CLN000076709
|
| 040 |
|
|
|a SNKBUCL
|b slo
|c SNKBUCL
|e AACR2
|
| 041 |
0 |
|
|a slo
|
| 044 |
|
|
|a xo
|c SK
|
| 080 |
|
|
|a 327(437.6:437.1/.2)
|2 1997
|
| 080 |
|
|
|a 327(437.1/.2:437.6)
|2 1997
|
| 100 |
1 |
|
|a Hrudková, Marcela
|4 aut
|9 889979
|
| 245 |
1 |
0 |
|a Dzurinda blúdil, Zeman musel čakať-
|b trasa a termín prevozu slovenského zlata z Prahy sú tajné
|c Marcela Hrudková
|
| 610 |
1 |
7 |
|a Slovensko.
|b Premiér (1998-2006 : Dzurinda)
|2 snkbucl
|9 165721
|
| 651 |
|
7 |
|a Slovensko
|x politika zahraničná
|x Česko
|2 snkbucl
|9 839962
|
| 651 |
|
7 |
|a Česko
|x politika zahraničná
|x Slovensko
|2 snkbucl
|9 839064
|
| 655 |
|
7 |
|a články z novín a časopisov
|2 snkbucl
|9 267496
|
| 773 |
0 |
|
|x 1335-4698
|t Slovenská republika
|g Roč. 8, č. 116 (22.5.2000), s. 11
|
| 850 |
|
|
|a Slovenská národná knižnica v Martine
|
| 852 |
|
|
|a SNK
|b KIS3GCP
|
| 958 |
|
|
|a SK
|
| 958 |
|
|
|a CZ
|
| 958 |
|
|
|a RBX
|
| 999 |
|
|
|c 2182813
|d 2184743
|